| 000 | 00887cam a2200265 i 4500 | ||
|---|---|---|---|
| 999 |
_c30861 _d30861 |
||
| 001 | 19161064 | ||
| 005 | 20210125115927.0 | ||
| 008 | 151110t20162016enk 000 1 eng | ||
| 010 | _a 2016387320 | ||
| 020 | _a9781911115007 (pbk.) | ||
| 020 | _a1911115006 (pbk.) | ||
| 040 |
_aDLC _beng _erda _cDLC |
||
| 042 | _apcc | ||
| 043 | _af-nr--- | ||
| 050 | 0 | 0 | _aPR 9387.9 .I22I27 2016 |
| 100 | 0 |
_aIbrahim, Abubakar Adam, _eauthor. |
|
| 245 | 0 | 0 |
_aSeason of crimson blossoms / _cAbubakar Adam Ibrahim |
| 260 |
_a[London] : _bCassava Republic Press, _c©2016 |
||
| 300 |
_a290 pages ; _c22 cm |
||
| 500 | _a"Parresiq koos" | ||
| 651 | 0 |
_aNigeria _xSocial conditions _vFiction. |
|
| 906 |
_a7 _bcbc _corigcop _d3 _encip _f20 _gy-gencatlg |
||
| 942 |
_2lcc _cAFRICANA _hPR 9387.9 .I22I27 2016 |
||